| 000 | 00642nam a22002297a 4500 | ||
|---|---|---|---|
| 001 | 48122 | ||
| 003 | UA-OsUOA | ||
| 005 | 20210421111414.0 | ||
| 007 | ta | ||
| 008 | 20070830b un ||||| |||| 00| 0 ukr d | ||
| 040 |
_aUA-OsUOA _brus _cUA-OsUOA _dUA-OsUOA |
||
| 041 | _arus | ||
| 080 | _a82,09 | ||
| 090 |
_a82.09 _bЕ11 |
||
| 100 | _aДемченко Е. П. | ||
| 245 | _aСатирическая пресса Украины 1905 – 1907 гг. | ||
| 260 |
_aК. _bНаукова думка _c1980 |
||
| 300 | _a146 с. | ||
| 650 | 7 |
_a82 Література. Літературознавство _2UDC |
|
| 942 |
_cBK _2udc |
||
| 955 | _a2 | ||
| 999 |
_c334230 _d334230 |
||